00524nam a2200181Ia 450000500170000000800410001702000150005808200130007310000130008624500450009926000300014430000180017465000150019265000150020794200060022295200990022899900150032720240703025449.0240331s9999 xx 000 0 und d a041506452x bBUDa150 aBudd, M 0aWittgenstein's philosophy of psychology  aNew YorkbRoutledgec1991 axiv, 186 p ., aPhilosophy aPsychology cL 001040708LaWERCLbWERCLcSSCd2024-03-31l0o 150.924 BUDp5047r2024-03-31w2024-03-31yL c2642d2642